| 000 | 00428nam a2200145Ia 4500 | ||
|---|---|---|---|
| 008 | 151213s9999 xx 000 0 und d | ||
| 100 | _aMark S.Albion,Edword J.Holt | ||
| 245 |
_aBusiness Decision Making With 1-2-3 _cMark S.Albion,Edword J.Holt |
||
| 260 |
_aNew Jersey _bPrentice Hall _c1988 |
||
| 300 | _a2980 p. | ||
| 650 | _aManagement | ||
| 650 | _aManagement | ||
| 700 | _aMark S.Albion,Edword J.Holt | ||
| 999 |
_c2067 _d2067 |
||